Sampling theory of surveys with applications (Record no. 20432)

MARC details
000 -LEADER
fixed length control field 00333nam a2200121Ia 4500
082 ## - DEWEY DECIMAL CLASSIFICATION NUMBER
Classification number 519.243
Item number SUK;1
100 ## - MAIN ENTRY--AUTHOR NAME
Personal name Sukhatme, Pandurang V
245 #0 - TITLE STATEMENT
Title Sampling theory of surveys with applications
260 ## - PUBLICATION, DISTRIBUTION, ETC. (IMPRINT)
Place of publication New Delhi
Name of publisher Indian Soc of Agr
Year of publication 1954
650 ## - SUBJECT ADDED ENTRY--TOPICAL TERM
Topical Term Sampling
942 ## - ADDED ENTRY ELEMENTS (KOHA)
Koha item type Books
Holdings
Withdrawn status Lost status Damaged status Not for loan Home library Current library Date acquired Cost, normal purchase price Full call number Accession Number Koha item type
        RRII Library RRII Library 16/12/2021 25.00 519.243 SUK;1 01158 Books